Химия комплексов "гость-хозяин": синтез, структуры и применения: синтез, структуры и применения: пер. с англ.

Dades bibliogràfiques
Altres autors: Вебер Э. Эдвин (редактор), Фегтле Ф. Фриц (переводчик), Хильгенфельд Р. Рольф, Сергиевский В. В., Сировский Ф. С.
Sumari:Авт. указаны на обороте тит. л.
Idioma:rus
Publicat: Москва, Мир, 1988
Matèries:
Format: MixedMaterials Llibre
KOHA link:https://koha.lib.tpu.ru/cgi-bin/koha/opac-detail.pl?biblionumber=81235

MARC

LEADER 00000nam0a2200000 4500
001 81235
005 20231101213146.0
010 |a 5030011854 
020 |a RU  |b 88-84409 
035 |a (RuTPU)RU\TPU\book\87334 
090 |a 81235 
100 |a 20050919d1988 k y0rusy5003 ca 
101 1 |a rus  |c eng 
105 |a a z 001zy 
200 1 |a Химия комплексов "гость-хозяин": синтез, структуры и применения  |e синтез, структуры и применения: пер. с англ.  |f Э. Вебер, Ф. Фегтле, Р. Хильгенфельд  |g под ред. В. В. Сергиевского; пер. Ф. С. Сировского 
210 |a Москва  |c Мир  |d 1988 
215 |a 511 с.  |c ил.  |d 22 см 
300 |a Авт. указаны на обороте тит. л. 
320 |a Библиогр. в конце разделов 
320 |a Предм. указ.: с. 503-505 
606 1 |a Комплексные соединения  |2 stltpush  |3 (RuTPU)RU\TPU\subj\15019  |9 41320 
610 1 |a краун-эфиры 
610 1 |a химия 
610 1 |a синтез 
610 1 |a структура 
610 1 |a применение 
675 |a 546-386  |z rus 
701 1 |a Вебер  |b Э.  |g Эдвин 
701 1 |a Фегтле  |b Ф.  |g Фриц 
701 1 |a Хильгенфельд  |b Р.  |g Рольф 
702 1 |a Сергиевский  |b В. В.  |4 340 
702 1 |a Сировский  |b Ф. С.  |4 730 
801 0 |a RU  |b RuMRKP  |c 19950417  |g psbo 
801 1 |a RU  |b 63413507  |c 20050919  |g PSBO 
801 2 |a RU  |b 63413507  |c 20151203  |g PSBO 
942 |c BK